Tasa de interés y tipo de cambio: 1981-1987

محفوظ في:
التفاصيل البيبلوغرافية
المؤلف الرئيسي: Morales, Rolando
التنسيق: نص
منشور في: La Paz: ILDIS
الوسوم: إضافة وسم
لا توجد وسوم, كن أول من يضع وسما على هذه التسجيلة!

MARC

LEADER 00000 a a2200000 04500
001 23782
003
040
090 |a 168200  
100 |a Morales, Rolando  
245 |a Tasa de interés y tipo de cambio: 1981-1987  
260 |a La Paz:   |b ILDIS  
300 |a 80 p.  
999 |c 10602  |d 10602